Vyriešenie technológie zvárania dielca "MISA" č.v. 516 901 001 200, stroja Teplotná komora TK-1 : Diplomová práca

Gespeichert in:
Bibliographische Detailangaben
1. Verfasser: Tomečka, Pavol (Verfasst von)
Weitere Verfasser: Bystrický, Ján (xxx)
Format: Manuskript Buch
Sprache:Slowakisch
Veröffentlicht: Trnava : SVŠT v Bratislave StF KZZaPM, 1989
Schlagworte:
Tags: Tag hinzufügen
Keine Tags, Fügen Sie das erste Tag hinzu!

MARC

LEADER 00000ntm a22000003a 4500
001 stu92191
005 20160719162636.0
008 050105s1989----cs------------------slo-d
040 |a STU  |b slo 
041 0 |a slo 
044 |a cs 
100 1 |a Tomečka, Pavol  |4 aut 
245 1 |a Vyriešenie technológie zvárania dielca "MISA" č.v. 516 901 001 200, stroja Teplotná komora TK-1 :  |b Diplomová práca 
260 |a Trnava :  |b SVŠT v Bratislave StF KZZaPM,  |c 1989 
300 |a 51 s  |c príl 
650 7 |a strojárska technológia  |2 stusub 
650 7 |a zváranie  |2 stusub 
700 1 |a Bystrický, Ján  |4 xxx 
996 |b 284M042986  |c M*DP-2592  |l MMSKP  |s P  |a 0  |w stu92191_0001